| 000 | 00614cam a2200181 i 4500 | ||
|---|---|---|---|
| 005 | 20250901165546.0 | ||
| 008 | 760312s1974 ilua b 001 0 eng | ||
| 010 | _a 74005733 | ||
| 020 |
_a0226450376 : _c$9.95 |
||
| 050 | 0 | 0 |
_aHD8039.I52 .U56 1974 _bU56 |
| 082 | 0 | 0 | _a301.44/42/0977311 |
| 100 | 1 | _aKornblum, William. | |
| 245 | 1 | 0 |
_aBlue collar community / _cWilliam Kornblum ; with a foreword by Morris Janowitz. |
| 260 |
_aChicago : _bUniversity of Chicago Press, _c1974. |
||
| 300 |
_axvii, 260 p. : _bill. ; _c23 cm. |
||
| 500 | _aIncludes index. | ||
| 942 |
_2lcc _hHD8039.I52 .U56 1974 |
||
| 999 |
_c5842 _d5842 |
||